|
|
|
|
| LEADER |
00000nam a2200000 a 4500 |
| 001 |
vtls001160951 |
| 003 |
SK-MaSNL |
| 005 |
20260331202719.0 |
| 008 |
180814s1977 xo 0 0 slo |
| 035 |
|
|
|a SNK000103858
|
| 040 |
|
|
|a SNK
|b slo
|c SNK
|e AACR2
|
| 041 |
0 |
|
|a slo
|
| 044 |
|
|
|a xo
|c SK
|
| 080 |
|
|
|a 012 Bakoš, Ľ.
|2 1981
|
| 100 |
1 |
|
|a Hurajová, Emília,
|d 1926-
|4 zos
|9 264834
|
| 245 |
1 |
|
|a Ľudovít Bakoš
|b Personálna bibliografia
|c Zost. Emília Hurajová
|
| 260 |
|
|
|a Bratislava
|b Slovenská pedagogická knižnica
|c 1977
|
| 300 |
|
|
|a 93, [1] s.
|c 8°
|
| 500 |
|
|
|a Rozmn.
|
| 600 |
1 |
0 |
|a Bakoš, Ľudovít,
|d 1919-1974
|2 SNKPH
|9 107760
|
| 655 |
|
7 |
|a personálne bibliografie
|2 SNKPH
|9 70198
|
| 958 |
|
|
|a OND
|
| 999 |
|
|
|c 795513
|d 797443
|
| 952 |
|
|
|t P60, <04>, [BOOK], {604}
|a SNK
|b SNK
|y VYP
|7 0
|p 17A0321702
|o snkSD 47171 D1
|0 0
|1 0
|4 0
|d 2001-11-06
|l 0
|r 2005-01-01 00:00:00
|w 2026-02-24
|